| 000 | 00473ntaaa2200193 4500 | ||
|---|---|---|---|
| 003 | 01 | ||
| 005 | 20251027202411.0 | ||
| 008 | 0714s1973 ag 01 | ||
| 040 |
_aAR-BaBN _bspa _cAR-BaBN _eaacr _dRIC |
||
| 082 | _a286.0000 Od4 | ||
| 100 |
_aOdle, Joe T _922755 |
||
| 245 | _aChurch member's handbook | ||
| 250 | _a1 ed. | ||
| 260 |
_aNashville : _bBroadman Press, _cn.f. |
||
| 300 | _a28 p | ||
| 650 |
_aiglesia bautista _9279 |
||
| 650 |
_abautistas _914480 |
||
| 942 | _cBK | ||
| 999 |
_c18909 _d18909 |
||